| 000 | 00965nam a2200205Ia 4500 | ||
|---|---|---|---|
| 003 | Ost | ||
| 005 | 20260507075054.0 | ||
| 008 | 260507s9999||||xx |||||||||||||| ||und|| | ||
| 040 | _cfsecg | ||
| 041 | _aara | ||
| 082 | _a346.02 | ||
| 100 |
_aطلبة، أنور _eمؤلف |
||
| 245 | 0 |
_aانحلال العقود : _bالفسخ.التفاسخ.الإنفساخ.البطلان.استحالة التنفيذ.الظروف الطارئة.التنفيذ العيني والتنفيذ بطريق التعويض / _c أنور طلبة |
|
| 260 |
_aالإسكندرية: _bالمكتب الجامعي الحديث, _c2004 |
||
| 300 |
_a477 صفحة؛ _c25 سم |
||
| 490 | _aالمكتبة القاونية | ||
| 520 | _aانحلال العقد،استحالة التنفيذ،البطلان،الظروف الطارئة،التنفيذ العيني،أثر انحلال العقد على كفالته | ||
| 653 | _aالعقود الادارية | ||
| 942 | _cكتاب | ||
| 999 |
_c42726 _d42726 |
||